Movies Quiz

Random Movies or Oscar Quiz

Oscar Winners as Kids Quiz Stats

 Plays Quiz Updated Jul 2, 2019

Score 0/24 Timer 06:00
1 Play Today
Oscar winner % Correct
Sandra Bullock
86.9%
Sean Penn
70%
Jodie Foster
69.4%
Elizabeth Taylor
53.4%
Kathy Bates
49.1%
Humphrey Bogart
41.4%
John Wayne
37.3%
Kevin Costner
33.7%
Katharine Hepburn
28.4%
Woody Allen
25.3%
Kate Winslet
24.2%
Clark Gable
21.1%
Oscar winner % Correct
Marlon Brando
20.8%
Steven Spielberg
19.8%
Jack Nicholson
15.2%
Liza Minnelli
14.3%
Bette Davis
14.2%
Tim Robbins
13.9%
Nicole Kidman
13.1%
Bing Crosby
10.7%
Julie Andrews
10.2%
Ingrid Bergman
7.4%
Charlton Heston
6.8%
Peter Jackson
4.7%

You're not logged in!

Compare scores with friends on all Sporcle quizzes.
OR
Log In

Show Comments

Extras

Top Quizzes Today


Score Distribution

Your Account Isn't Verified!

In order to create a playlist on Sporcle, you need to verify the email address you used during registration. Go to your Sporcle Settings to finish the process.

Report this User

Report this user for behavior that violates our Community Guidelines.

Details: